000
00267nam a2200109Ia 4500
008
220204s9999 xx 000 0 und d
082
_a
065
_b
PAR;1
100
_a
Parkinson, C Northcote
245
0
_a
In laws and outlaws
260
_a
London
_b
Penguin
_c
1962
942
_c
BK
999
_c
20687
_d
20687